| 000 | 00542nam a2200229Ia 4500 | ||
|---|---|---|---|
| 003 | OSt | ||
| 005 | 20231202124509.0 | ||
| 008 | 210210b1918 xxu||||| |||| 00| 0 eng d | ||
| 040 | _cAL | ||
| 041 | _aFrench | ||
| 082 | _a444/130 | ||
| 100 |
_aEYMA (X) _9144094 |
||
| 245 | _aPontiac le roi philippe | ||
| 260 |
_aLondon _bMacmillan & Co. Ltd. _c1918 |
||
| 650 |
_aroi _9144095 |
||
| 650 |
_aPontiac _9144096 |
||
| 650 |
_aphilippe _9144097 |
||
| 650 |
_ale _9144098 |
||
| 690 |
_aFrench _9144099 |
||
| 906 | _a006325 | ||
| 942 |
_2ddc _cBK |
||
| 999 |
_c129147 _d129147 |
||